000 00896cam a22002777 4500
001 9760
003 BD-RjUL
005 20211208234831.0
008 140121t1955 e a 001 0 eng
035 _a(BD-RjUL)9805
040 _aDLC
_cDLC
_beng
_dBD-RjUL
041 _aeng
082 0 4 _216
_a540
_bMAT 1955
100 1 _aMacAlpine, George Bruce. [from old catalog]
_930167
245 1 0 _aTeach yourself chemistry :
_ba practical book of self-instruction in chemistry, based on the work by James Knight /
250 _a[3d ed.] completely rev. and enl. /
260 _aLondon :
_bEnglish University press,
_c1955
300 _a240 p. :
_billus. ;
_c18 cm.
490 0 _aThe teach yourself books
504 _aIncludes index.
650 0 _aChemistry.
_930168
700 1 _aKnight, James.
_tTeach yourself chemistry.
_930169
942 _2ddc
_cBK
999 _c9760
_d9760